| 000 | 00899nam a22002657a 4500 | ||
|---|---|---|---|
| 001 | 32698 | ||
| 003 | AR-RoBPED | ||
| 005 | 20260506134639.0 | ||
| 008 | 260505s1977 sp ad||br|||| 001 0 spa d | ||
| 040 | _aAR-RoBPED | ||
| 041 | _aspa | ||
| 100 | 1 |
_aLozano Rey, Luis, _d1879-1958 _922793 |
|
| 245 | 1 |
_aCiencias : _bestudio de la naturaleza. _n1 / _cLuis Rey ; dibujos Joel Kuri , Antonio Carmona. |
|
| 250 | _a3 a. | ||
| 260 |
_aBilbao : _bVasco Americana, _c1977? |
||
| 300 |
_a152 p. : _bil. col. |
||
| 505 | _aNuestro cuerpo -- Los alimentos -- Animales -- Plantas -- Minerales -- Clima. | ||
| 650 | 4 |
_aARCHIVO INFANTIL _924464 |
|
| 650 | 4 |
_aCIENCIAS NATURALES _9535 |
|
| 650 | 4 |
_aPRIMER GRADO _91456 |
|
| 700 |
_aKuri, Joel _930870 _eil. |
||
| 700 |
_aCarmona, Antonio _930871 _eil. |
||
| 942 |
_2udc _cBK _h502 _kIA _mLR 91 1 _aK. 32698 _pInv. 42427 |
||
| 945 | _acd 05/05/2026 - lgc 05/05/2026 | ||
| 999 |
_c32698 _d32698 |
||